00968cam a22002651 4500001001300000003000400013005001700017008004100034010001700075035001900092040005500111042001200166043001200178050002300190110004100213245011200254260002500366300001900391490002200410500012700432504002900559504006000588650003700648999001700685e 35000269 DLC20260227111225.0790724s1931 lau s000 0 eng c ae 35000269  a(OCoLC)5204892 aLibrary, U. S. Office of EducationcLUdOCoLCdDLC apremarc an-us-la00aL154b.B32 no. 2081 aLouisiana.bDepartment of Education.10aHandbook for teachers of the elementary schools of Louisiana.cIssued by the Department of education, 1931. a[Baton Rouge,c1931] a128 p.c23 cm.0 aBulletinvno. 208 aOn cover: State department of education of Louisiana ... Issued by T. H. Harris, state superintendent of public education. aIncludes bibliographies. a"List of elementary textbooks by grades": p. [121]-126. 0aEducationzLouisianaxCurricula. c21446d21446